01124 a2200193 4500003000500000005001700005040000900022082001200031100003200043245008600075260005300161300002900214505045000243600003200693650004400725942002100769999001900790952012100809Nust20221227085437.0 cNust a355,BAR aMajor General Baron9105982 aThe power of personality in war / cMajor General Baron , Von Freytag-Loringhoven aArmy Education PressbThe military servicec1955 avii, 129 pbillusc19 cm aWar is the Doman of Danger (Page-1), War is the Doman of Physical Exertion and Suffering (Page-31), War is the Doman of Friction (Page-44), War is the Doman Uncertainty (Page-54), The Commander Must Have Imagination (Page-84), Ambition is One of The Essential Qualities of a Leader (Page-91), Only a Strong Mind Can Resist the Impressions of War (Page-100),Without Strength of Character (Page-112), The Essence of Military Leadership (Page-124). aMajor General Baron9105982 aThe power of personality in war9105983 2ddccBKk355,BAR c184705d184705 00102ddc4070aMCSbMCScGENd2016-12-12o355,BARpMCS26455r2016-12-08w2016-12-12yBKzAlmirah No.51, Shelf No.1